02405nab a2200289uuc45000010008000000030004000080050017000120080041000290350012000700400013000820410008000951000052001032450096001555201286002516500034015376500042015716500038016137000045016517000042016967000059017387000043017977000043018407000054018837730144019379420015020819990019020961330558OSt20240223085641.0130529m01uu2013 spa  a1330558 ccomduadb aspa10aGarzón Sanabria, Verónica4auteaut965041410aTerapia periodontal no quirúrgica en pacientes con diabetes mellitus tipo 2 en descontrol3 aObjetivo: evaluar el efecto del tratamiento periodontal no quirúrgico sobre el control metabólico expresado por HbA1c en pacientes con diabetes mellitus tipo 2 (DM2) en descontrol y enfermedad periodontal tratados con el algoritmo de la Asociación Americana para la Diabetes y la Asociación Europea para el Estudio de la Diabetes. Métodos: la muestra se formó con 38 pacientes con DM2 en descontrol y enfermedad periodontal de una clínica de beneficencia. Se otorgó tratamiento periodontal no quirúrgico y se realizaron determinaciones basales de HbA1c y tres meses después. Se aplicó la prueba t de Student para muestras dependientes. Resultados: el 79 % de la muestra fue del sexo femenino; la edad promedio fue de 51 ± 9.8 años. El promedio de la HbA1c antes y después del tratamiento disminuyó de 8.6 a 8 % (p = 0.026). Después del tratamiento, la prevalencia de enfermedad periodontal fue de 8 %. El promedio del control personal de placa antes y después del tratamiento disminuyó de 82.6 % a 35.5 % (p < 0.000). Conclusiones: similar a lo informado en estudios previos, después del tratamiento periodontal se observó mejoría en el control glucémico, remisión de enfermedad periodontal y disminución de control personal de placa. aEnfermedad periodontal933488 7aDiabetes mellitus tipo 22dcs9133780 aHemoglobina A glucosilada919067410aOlmos Bringas, Marisol4auteaut966894810aMota Sanhua, Vanesa4auteaut959068610aEnríquez Bárcenas, Luis Fernando4auteaut964119010aGarcía Ruiz, Erika4auteaut964119110aRivas Ayala, Lourdes4auteaut960987010aRojas Jiménez, José Alberto4auteaut96504150 tRevista Médica del Instituto Mexicano del Seguro Social (México)gVol. 51, No. 01, Ene.-Feb. 2013, p. 86-91w332961x0443-51170108785 cARIMP2ddc c650046d650046